000 01027cam a2200457 4500
001 J1487
008 090401t1995 xxu||||| |||| 00| 0 eng d
035 _a(Sirsi) u43686
041 _aeng
050 _a333.33025
110 _aEstates Europe
_926
245 _aEuropean property contacts.
260 _aLondon
_bEstates Gazette
_c1995
300 _a64p. ; 30cm.
350 _a95
650 _aAUSTRIA
650 _aBELGIUM
650 _aCZECH REPUBLIC
650 _aDENMARK
650 _aDIRECTORIES
650 _aEUROPE
650 _aFRANCE
650 _aGERMANY
650 _aGREECE
650 _aHUNGARY
650 _aINVESTORS
650 _aEIRE
650 _aITALY
650 _aNETHERLANDS
650 _aPOLAND
650 _aPORTUGAL
650 _aPROPERTY ADVISERS
650 _aPROPERTY COMPANIES
650 _aPROPERTY CONTACTS
650 _aPROPERTY FINANCE
650 _aSPAIN
650 _aSWEDEN
690 _aOVERSEAS-EUROPE
942 _n0
948 _c04/03/1997
999 _c91376
_d91376